Quizzes
Events
Quiz Creation
Community
Videos
Private Events
Remove Ads
Sign In
Join for FREE
Feedback
Dark Mode
Quiz Categories
Sports
Geography
Music
Movies
Television
Just For Fun
Miscellaneous
History
Literature
Language
Science
Gaming
Entertainment
Religion
Holiday
For Kids
Quiz Lab
Recent
Popular Today
Quiz Kudos Today
Editor Picks
Curator Picks
Quizzes by...
Day
Popularity
Type
Ratings
Length
Year
Community
Subscriptions
Recent Discussions
Orange Saloon
Badges
Playlists
Quests
Create
Leaderboards
Showdown
Live 5
Trivia Bingo
Activity
Puzzle Library
Sporcle Events
Private Events
Virtual Trivia
Globe League
Become a Host
Pub Owners
SporcleCon
Opinionation
Our Games
Videos
Blog
Mobile Apps
Partnerships
Remove Ads and Go Orange
Feedback
Sports
Athletes
MLB
NBA
NHL
NFL
Soccer
Sports Teams
WWE
NCAA
Football
Premier League
Basketball
Baseball
Hockey
Golf
Tennis
Cricket
Rugby
Auto Racing
Olympics
World Cup
Sports
Athletes
MLB
NBA
NHL
NFL
Soccer
Sports Teams
WWE
NCAA
Football
Premier League
Basketball
Baseball
Hockey
Golf
Tennis
Cricket
Rugby
Auto Racing
Olympics
World Cup
Random Quiz
Search Sporcle
×
Quiz Lab
Quiz Lab
Sports
Soccer
Type in answers that appear in a list
Type in answers that appear in a list
Classic
Best Score? Go Orange.
Top 100 Best Players In The World 2014 Stats
Can you name the Top 100 Best Players In The World 2014
By
Nathie1998
15m
100 Questions
187 Plays
187 Plays
187 Plays
Comments
Comments
Give Quiz Kudos
Give Quiz Kudos
-
- Ratings
hide this ad
More Info
Forced Order
Answers have to be entered in order
Answers have to be entered in order
Replay
Link that replays current quiz
Next Quiz
Link to next quiz in quiz playlist
You Got
0%
They Got
Avg Score
22%
Avg Friend Score
Upgrade to see
Score Distribution
Jump to the score distribution portion of the page
Score
0/100
Timer
15:00
0
Plays Today
Hint
Answer
% Correct
Barcelona
Lionel Messi
100%
Real Madrid
Cristiano Ronaldo
99.5%
Bayern Munich
Manuel Neuer
89.2%
Man City
Sergio Aguero
86.5%
Barcelona
Andres Iniesta
82.7%
Bayern Munich
Arjen Robben
80.5%
Real Madrid
Gareth Bale
74.6%
PSG
Zlatan Ibrahimovic
73%
Barcelona
Luis Suarez
71.9%
Barcelona
Neymar
71.9%
Bayern Munich
Thomas Muller
63.8%
Man Utd
Angel Di Maria
48.6%
Bayern Munich
Philipp Lahm
48.1%
Bayern Munich
Bastion Schweinsteiger
42.2%
Arsenal
Alexis Sanchez
41.6%
Chelsea
Eden Hazard
39.5%
Chelsea
Cesc Fabregas
38.9%
Man City
Vincent Kompany
38.4%
Borussia Dortmund
Marco Reus
36.2%
Chelsea
Diego Costa
34.1%
Real Madrid
Luka Modric
33.5%
Bayern Munich
Robert Lewandowski
31.4%
Bayern Munich
Franck Ribery
29.2%
Juventus
Andrea Pirlo
28.1%
Bayern Munich
Mario Gotze
27%
Borussia Dortmund
Mats Hummels
27%
Real Madrid
Toni Kroos
26.5%
Barcelona
Sergio Busquets
24.3%
Man Utd
Robin Van Persie
23.8%
PSG
Thiago Silva
23.8%
Man City
David Silva
22.7%
Bayern Munich
Xabi Alonso
22.2%
Chelsea
Nemanja Matic
22.2%
Juventus
Paul Pogba
21.1%
Hint
Answer
% Correct
Real Madrid
James Rodriguez
20%
Chelsea
Thibaut Courtois
20%
Napoli
Gonzalo Higuain
18.9%
Man Utd
Wayne Rooney
17.8%
Real Madrid
Karim Benzema
17.8%
Man Utd
David De Gea
17.8%
Arsenal
Mesut Ozil
17.8%
Man City
Yaya Toure
17.3%
PSG
Edinson Cavani
16.8%
Real Madrid
Sergio Ramos
16.2%
Juventus
Arturo Vidal
15.7%
Bayern Munich
David Alaba
15.7%
Bayern Munich
Jerome Boateng
15.7%
Atletico Madrid
Antoine Griezmann
14.6%
Barcelona
Xavi Hernandez
14.1%
Liverpool
Daniel Sturridge
14.1%
Real Madrid
Isco
11.9%
Man Utd
Radamel Falcao
11.9%
Chelsea
John Terry
11.9%
Liverpool
Raheem Sterling
11.9%
Arsenal
Aaron Ramsey
11.4%
Juventus
Giorgio Chiellini
10.8%
Barcelona
Ivan Rakitic
10.3%
Chelsea
Oscar
10.3%
Arsenal
Santi Cazorla
10.3%
Barcelona
Javier Mascherano
9.7%
Atletico Madrid
Diego Godin
9.7%
Liverpool
Steven Gerrard
9.7%
Atletico Madrid
Koke
9.2%
Chelsea
Branislav Ivanovic
9.2%
Juventus
Carlos Tevez
9.2%
Roma
Daniele De Rossi
8.6%
Tottenham
Hugo Lloris
8.1%
Juventus
Gianluigi Buffon
8.1%
Hint
Answer
% Correct
Chelsea
Willian
8.1%
Bayern Munich
Mehdi Benatia
7.6%
Real Madrid
Marcelo
7.6%
Man City
Joe Hart
7.6%
Barcelona
Gerard Pique
7.6%
Barcelona
Dani Alves
7.6%
Barcelona
Jordi Alba
7.6%
Barcelona
Claudio Bravo
7%
Atletico Madrid
Arda Turan
7%
Real Madrid
Raphael Varane
7%
Chelsea
Gary Cahill
7%
Real Madrid
Iker Casillas
7%
PSG
David Luiz
7%
Man Utd
Juan Mata
6.5%
Man City
Samir Nasri
6.5%
Everton
Leighton Baines
6.5%
Juventus
Andrea Barzagli
6.5%
PSG
Lucas Moura
6.5%
Tottenham
Christian Eriksen
6.5%
Chelsea
Cesar Azpilicueta
6.5%
Chelsea
Andre Schurrle
5.9%
Schalke
Julian Draxler
5.9%
Inter Milan
Samir Handanovic
5.9%
Arsenal
Laurent Koscielny
5.9%
Barcelona
Pedro Rodriguez
5.9%
Bayern Munich
Javi Martinez
5.4%
Real Madrid
Sami Khedira
5.4%
Man City
Pablo Zabaleta
5.4%
PSG
Blaise Matuidi
5.4%
Roma
Mario Pjanic
4.9%
AC Milan
Stephan El Shaarawy
4.9%
PSG
Marco Veratti
4.3%
Quiz Playlist
Details
Report
Send in Message
Add To Playlist
More Info:
The top 100 best football players in the world in 2014
Classic:
Type in answers that appear in a list
Forced Order:
Answers have to be entered in order
Last Updated: Feb 16, 2017
Quiz Scoreboard
CHALLENGE
Sign Up to Join the Scoreboard
Show All
Scores
Hide
Comments
May contain spoilers
Recently Published
College Basketball Coaching Resumes
by pancakes188
Sports
9m
Billboard Blitz: Fleetwood Mac
by CooCooCachoo
Music
15s
Presidents Visiting Landmarks
by Hejman
History
7m
More to Explore
Quiz From the Vault
Featured Blog Post
Where Did the Easter Bunny Come From?
hide this ad
You Might Also Like...
Tags
Football Quiz
Soccer Quiz
Footballer
Top Football
Today's Top Quizzes in Sports
Browse Sports
hide this ad
Today's Top Quizzes in Soccer
Browse Soccer
Top Contributed Quizzes in Sports
1
2022 World Cup Stars
2
Les meilleurs buteurs des matchs entre le PSG et l’OM
3
FIFA Club World Cup Champions
4
Les entraîneurs de l'OM et du PSG au 21e siècle
5
Criteria MLB: Left Handed Sluggers
6
AFC Teams Reveal (Wrong Answers Minefield)
7
5-to-1: UK Sports Teams
8
5-to-1: FBS Animal Nicknames
9
2023 MLB Unique Player Accomplishments
10
Name the Premier League winners with different clubs
Explore More
Trending Topics
Anime
Harry Potter
Disney
Marvel
NBA
Crossword
Kpop
Puzzle
The Office
Pokémon
Country
Song
NFL
Soccer
WWE
hide this ad
More By:
Nathie1998
Quiz
Plays
Rating
Category
Featured
Created
Top 100 Best Players In The World 2014
187
1.57
Sports
Dec 6, 2014
Best Football Teams In The World
165
2.00
Sports
Dec 7, 2014
Who Wants To Be A Football Millionaire
141
1.00
Sports
Dec 7, 2014
Go to Creator's Profile
Score Distribution
Quiz Creator Spotlight
Nathie1998
Follow
Send a Message
Quizzes Created
-
Created Quiz Play Count
-
More By This Creator
Popular Quizzes Today
1
Find the US States - No Outlines Minefield
2
Find the Countries of Europe - No Outlines Minefield
3
The Countries of the World
4
Find the US States
5
Risky Map Clicking: Biggest States A-Z
6
US States
7
Popular People in 1961
8
Movies - When Are They Set?
More Sports Quizzes
Leicester City Top Scorers
Quiz Lab
Trending Quizzes
Risky Map Clicking: Least Populous States A-Z
1-10 Letter G Words
1-10 Letter F Words
Risky Map Clicking: Next State Alphabetically
Risky Map Clicking: Biggest States A-Z
Recently Updated
Leaping Animals
pecheneg
Reality TV Shows (A-Z)
bhenderson79
Rickey Henderson's Hall of Fame Teammates
pecheneg
Champions League XIs: Arsenal
pecheneg
Quick Pick: Celebrities in WWE's Hall of Fame
aduchscher
A-Z Keypad Blitz II
pecheneg
Multiple Oscar Actors
pecheneg
Mystery Phrase Blitz: Oscar 'Best Actors'
pecheneg
F. Scott Fitzgerald Novels
LTH
Pick 3 Villains
ddd62291
Trending Topics
NBA
Disney
Anime
Harry Potter
Crossword
Kpop
Marvel
WWE
Puzzle
The Office
Song
Pokémon
NFL
Country
Soccer
Your Account Isn't Verified!
In order to create a playlist on Sporcle, you need to verify the email address you used during registration. Go to your
Sporcle Settings
to finish the process.
Report this User
Report this user for behavior that violates our
Community Guidelines
.
Details:
Send Report
Go to the Sporcle.com Mobile Site →
Comments